Top 50 UK Baby Girl Names in 1700 - Statistics

General Stats
  • This quiz has been taken 589 times
  • The average score is 26 of 50
Answer Stats
# Name % Correct
38 Eliza
98%
1 Mary
98%
2 Elizabeth
97%
3 Ann
92%
5 Jane
84%
6 Margaret
82%
40 Emma
80%
4 Sarah
78%
22 Maria
74%
41 Charlotte
73%
16 Isabel
67%
9 Hannah
66%
19 Rachel
66%
24 Ruth
65%
18 Joan
64%
15 Rebecca
64%
7 Susan
64%
11 Alice
63%
8 Martha
63%
13 Eleanor
61%
21 Ellen
61%
48 Caroline
60%
36 Lucy
60%
12 Frances
59%
14 Dorothy
56%
50 Sophia
56%
17 Grace
55%
29 Amy
53%
39 Nancy
49%
44 Harriet
47%
33 Barbara
46%
27 Esther
46%
20 Agnes
43%
37 Betty
42%
23 Lydia
38%
28 Joanna
37%
26 Judith
35%
25 Deborah
29%
35 Fanny
24%
30 Marjorie
23%
10 Catharine
21%
43 Sally
21%
34 Bridget
19%
32 Jenny
17%
46 Kitty
14%
49 Peggy
13%
42 Dinah
12%
45 Jemima
11%
47 Mary Ann
7%
31 Phoebie
4%
No matching quizzes found
Score Distribution
Percent of People with Each Score
Percentile by Number Answered
Your Score History
You have not taken this quiz